000 00915cam a22003013a 4500
001 16386424
003 OSt
005 20140310181652.0
008 971210s1996 xxu 000 1 eng
010 _a 97809070
020 _a0671550659
035 _a(DLC) 97809070
040 _aDLC
_cDLC
_dDLC
050 0 0 _aPZ 7
_b.P636 1996
082 _aKF
_bP63s #6
100 1 _aPike, Christopher,
_d1955-
_94501
245 1 4 _aThe Witch's revenge /
_cChristopher Pike.
260 _aNew York :
_bPocket Books,
_cc1996.
300 _a132 p.
_b18 cm.
490 0 _aSpooksville ;
_v. 6
541 _j1
562 _efor circulation. 1 copy available in the collection
655 7 _aYoung adult fiction.
_2lcsh
_93735
710 2 _aCopyright Paperback Collection (Library of Congress)
_5DLC
_9705
906 _a7
_bcbc
_corignew
_d2
_encip
_f19
_gy-genrareb
942 _2lcc
_cBK-KF
_kKF
999 _c1016
_d1016